| 000 | 00593nam a22001817a 4500 | ||
|---|---|---|---|
| 010 | _aENG-120589 | ||
| 020 |
_c300.00 _a9788171641673 |
||
| 035 | _aEN-104121 | ||
| 037 | _bDBAD/PUB | ||
| 082 | _a333.72 | ||
| 100 | _aMishra, P.K. | ||
| 245 |
_aField manual on soil and water conservation structures / _cby P.K. Mishra...[et.al.] |
||
| 260 |
_aNew Delhi _bIndian Council of Agricultural Research _c2017 |
||
| 270 |
_bNew Delhi _e110001 |
||
| 300 |
_a135p. : _b24cm(pbk). _cill. |
||
| 500 | _aIncludes bibliographical reference and index | ||
| 942 |
_2ddc _cEN _h333.72 _mFIE |
||
| 999 |
_c144716 _d144716 |
||